ঢাকাইয়া কুট্টি ভাষার অভিধান / (Record no. 29326)

MARC details
000 -LEADER
fixed length control field 00813nam a22002057a 4500
003 - CONTROL NUMBER IDENTIFIER
control field BDDh-ASL
005 - DATE AND TIME OF LATEST TRANSACTION
control field 20240219121910.0
008 - FIXED-LENGTH DATA ELEMENTS--GENERAL INFORMATION
fixed length control field 220926s2015 b ||||| |||| 00| 0 b d
040 ## - CATALOGING SOURCE
Transcribing agency BDDh-ASL
041 ## - LANGUAGE CODE
Language code of text/sound track or separate title ben
082 ## - DEWEY DECIMAL CLASSIFICATION NUMBER
Classification number 403.54922
Item number BHD
100 1# - MAIN ENTRY--PERSONAL NAME
9 (RLIN) 6606
Personal name ভূঞা, মোশাররফ হোসেন
245 1# - TITLE STATEMENT
Title ঢাকাইয়া কুট্টি ভাষার অভিধান /
246 ## - VARYING FORM OF TITLE
Title proper/short title Dhakaiya Kutti Bhashar Abhidhan.
260 ## - PUBLICATION, DISTRIBUTION, ETC.
Place of publication, distribution, etc. ঢাকা:
Name of publisher, distributor, etc. ঐতিহ্য,
Date of publication, distribution, etc. ২০১৫।
300 ## - PHYSICAL DESCRIPTION
Extent ৩৪৩ পৃষ্ঠা:
Dimensions ১৯ সে. মি.
650 #0 - SUBJECT ADDED ENTRY--TOPICAL TERM
9 (RLIN) 5570
Topical term or geographic name entry element Dictionary (অভিধান)
650 #0 - SUBJECT ADDED ENTRY--TOPICAL TERM
9 (RLIN) 6525
Topical term or geographic name entry element Bangla Dictionary (বাংলা অভিধান)
General subdivision Dhakaiya Language (ঢাকাইয়া ভাষা)
942 ## - ADDED ENTRY ELEMENTS (KOHA)
Source of classification or shelving scheme Dewey Decimal Classification
Koha item type Books
Holdings
Withdrawn status Lost status Source of classification or shelving scheme Damaged status Not for loan Collection code Home library Current library Shelving location Date acquired Source of acquisition Total Checkouts Full call number Barcode Date last seen Copy number Price effective from Koha item type
    Dewey Decimal Classification     Non-fiction Asiatic Society Library Asiatic Society Library Dhaka Collection 09/26/2022 Donated by Prof. (Dr.) M. Abdul Qayyum & Dr. Razia Sultana   403.54922 BHD 117527 09/26/2022 C-1 09/26/2022 Books

Powered by Koha